| 000 | 00896nam a22001577a 4500 | ||
|---|---|---|---|
| 003 | OSt | ||
| 005 | 20160105145804.0 | ||
| 008 | 160105b xxu||||| |||| 00| 0 eng d | ||
| 040 | _cRUA | ||
| 082 | _aLMA NEO 2011 B308 Or.1 | ||
| 100 |
_96039 _aNEOU, SEREIRATANA. |
||
| 245 | _aCommune land use planning in kthom reay lech and kthom reay reay kaeut village, battrong commune, monkol borei district, banteay mean cheay province, ការរៀបចំផែនការប្រើប្រាស់ដីធ្លីថ្នាក់ឃុំ ក្នុងភូមិនខ្ពុំមរាយលិនិងភូមិខ្ពុំមរាយកើត នៅឃុំបត់ត្រង់ ស្រុកបង្គលបុរី ខេត្តបន្ទាយមានជ័យ | ||
| 260 |
_aPhnom Penh _bRUA _c2011 |
||
| 300 |
_aix; 52p. _bill. _c29cm. |
||
| 942 |
_2ddc _cLMA |
||
| 999 |
_c5634 _d5634 |
||